000 03349nam a22004217a 4500
005 20081013114943.0
008 081013t xxu||||| |||| 00| 0 eng d
010 _aENG-91266
020 _c375.00
035 _aEN-74799
035 _aB-340868-878
037 _bDBAD / PUB Himalaya Publishing House
040 _adpl
_bEnglish
082 _a658
100 _aAswathappa, K.
245 _aManagement and organisational behaviour /
_cby K. Aswathappa [and] G. Sudarsana Reddy
260 _aNew Delhi
_bHimalaya Publishing House
_c2008
270 _aPooja Apartments, 4-B, Murari Lal Street, Ansari Road, Daryaganj,
_bNew Delhi
_e110002
300 _a588p.
_c28cm (pbk)
500 _aIncludes index
650 _aManagement
650 _aOrganizational behavior
700 _aReddy, G. Sudarsana
942 _2ddc
_cEN
_mASW
_h658
999 _c16570
_d16570